| 000 | 02711cam a22005534i 4500 | ||
|---|---|---|---|
| 003 | PE-LiUPU | ||
| 005 | 20250731165645.0 | ||
| 008 | 150623s1994 sp rb 000 0 spa d | ||
| 020 | _a8420007579 | ||
| 020 | _a9788420007571 | ||
| 035 | _a(Sirsi) i9788420007571 | ||
| 040 |
_aPE-LiUPU _bspa _cPE-LiUPU _dPE-LiUPU _erda |
||
| 049 | _aPRUA | ||
| 082 | 0 | 4 |
_a612.303d _bB381994 _221 |
| 100 | 1 |
_aBender, Arnold E., _eautor. |
|
| 245 | 1 | 0 |
_aDiccionario de nutrición y tecnología de los alimentos / _cArnold E. Bender. |
| 264 | 1 |
_aZaragoza, España : _bAcribia, _c1994. |
|
| 300 |
_a341 páginas ; _c24 centímetros |
||
| 336 |
_atext _2rdacontent |
||
| 337 |
_aunmediated _2rdamedia |
||
| 338 |
_avolume _2rdacarrier |
||
| 504 | _aIncluye bibliografía. | ||
| 505 | 0 | _aDiccionario de nutrición y tecnología de los alimentos de la A a la Z. | |
| 526 | _aSEG44 | ||
| 526 | _aSEG26 | ||
| 526 | _aP151 | ||
| 526 | _aP150 | ||
| 526 | _aP149 | ||
| 526 | _aP146 | ||
| 526 | _aP145 | ||
| 526 | _aP126 | ||
| 526 | _aP125 | ||
| 526 | _aP92 | ||
| 526 | _aP75 | ||
| 526 | _aP74 | ||
| 526 | _aP27 | ||
| 526 | _aP15 | ||
| 650 | 0 | 4 |
_aNutrición _vDiccionarios. |
| 942 |
_2ddc _cBOOK |
||
| 949 |
_aRC 612.303D B38 1994 _wDEWEY _c1 _i45426 _d2015-9-20 _lCCODEBUL1 _mBUL _q1 _r0 _sY _tBOOK _u2015-6-24 _xSALUD _zUNKNOWN _0COMPRA _o.CIRCNOTE. No olvidar cambiar la fecha de devolución!!!!!!! _o.STAFF. Colección Ciencias de la Salud |
||
| 949 |
_aRC 612.303D B38 _wDEWEY _c1 _i41270 _d2015-9-20 _lCCODEBUL1 _mBUL _q1 _r0 _sY _tBOOK _u2015-4-23 _xSALUD _zUNKNOWN _0COMPRA _o.CIRCNOTE. No olvidar cambiar la fecha de devolución!!!!!!! _o.STAFF. Colección General |
||
| 949 |
_aRC 612.303D B38 _wDEWEY _c2 _i45761 _d2015-9-20 _lCCODEBUL1 _mBUL _q1 _r0 _sY _tBOOK _u2015-6-16 _xSALUD _zUNKNOWN _0COMPRA _o.CIRCNOTE. No olvidar cambiar la fecha de devolución!!!!!!! _o.STAFF. Colección General |
||
| 994 |
_aC0 _bPEPRU |
||
| 596 | _a1 | ||
| 999 |
_aRC 612.303 B38 _wDEWEY _c59035 _i41270 _d59035 _f2021-11-8 _g4 _lRCG _mBUL _q1 _r1 _sY _tBOOK _u2015-4-23 _xBIBLIOTECA _zUNKNOWN _0COMPRA _o.CIRCNOTE. No olvidar cambiar la fecha de devolución!!!!!!! _o.STAFF. Colección General |
||
| 999 |
_aRC 612.303 B38 _wDEWEY _c2 _i45761 _d2015-9-20 _f2021-11-8 _g5 _lRCG _mBUL _q1 _r1 _sY _tBOOK _u2015-6-16 _xBIBLIOTECA _zUNKNOWN _0COMPRA _o.CIRCNOTE. No olvidar cambiar la fecha de devolución!!!!!!! _o.STAFF. Colección General |
||
| 999 |
_aRC 612.303 B38 1994 _wDEWEY _c1 _i45426 _d2015-9-20 _f2021-11-3 _g5 _lCCODEBUL1 _mBUL _p25.00 _q1 _r0 _sY _tBOOK _u2015-6-24 _xSALUD _zP31 _0COMPRA _o.CIRCNOTE. No olvidar cambiar la fecha de devolución!!!!!!! _o.STAFF. Colección Ciencias de la Salud |
||
| 980 |
_81 _gALBERTO SANCHEZ Responsable de Automatización |
||